000 00756nam a2200253Ia 4500
003 OSt
005 20221005085448.0
006 a|||||r|||| 00| 0
007 ta
008 221004b |||||||| |||| 00| 0 eng d
020 _a9780823261819 (pbk)
_c1793.96
024 _a26117
037 _b108, 29/12/2015, Pioneer Books Distributors
_cTextual
040 _aCRL
_cCRL
_beng
041 _2eng
_aeng
082 _aL:5.2, Q5
100 _aDas Veena
245 0 _aAffliction
_b Health disease poverty
260 _aNew York
_bFordham University Press U.S.A
_c2015
300 _axiv, 255p.
_ccm.
650 _aMEDICINE
942 _hL:5.2, Q5
_cTEXL
_2cc
999 _c994246
_d994246